Một vài nét về chính sách văn hóa của Liên minh Châu Âu /

Đã lưu trong:
書目詳細資料
主要作者: Vũ Thanh Hà.
格式: Bài viết
語言:Vietnamese
主題:
標簽: 添加標簽
沒有標簽, 成為第一個標記此記錄!
Thư viện lưu trữ: Thư viện Trường Đại học Đà Lạt
LEADER 00771nam a2200253 4500
001 DLU180183920
005 ##20180314
040 # # |a DLU  |b vie 
041 # # |a vie 
044 # # |a vn 
100 # # |a Vũ Thanh Hà. 
245 # # |a Một vài nét về chính sách văn hóa của Liên minh Châu Âu /  |c Vũ Thanh Hà. 
653 # # |a Chính sách văn hóa 
653 # # |a Thủ đô Văn hóa Châu Âu 
653 # # |l iên minh Châu Âu 
773 # # |t Nghiên cứu Châu Âu   |g Số 2(185), 2016, tr. 57-64 
920 # # |a Phòng Tạp chí -- Trung tâm Thông tin - Thư viện Trường Đại học Đà Lạt 
900 # # |a True 
911 # # |a Nguyễn Thị Thu Phương 
925 # # |a G 
926 # # |a A 
927 # # |a BB 
980 # # |a Thư viện Trường Đại học Đà Lạt